| 000 | 00702nam a22002657a 4500 | ||
|---|---|---|---|
| 001 | BR7375284 | ||
| 003 | BR-BrBNA | ||
| 005 | 20230928084416.0 | ||
| 007 | ta | ||
| 008 | 230509b bl.||||| |||| 00| 0 por d | ||
| 040 |
_aBR-BrBNA _bpor _cBiblioteca Nacional de Agricultura |
||
| 041 | _a(Por) | ||
| 072 |
_aD50; N20 _b4520 _b/G514 |
||
| 090 | _ 4520 BR7375284 | ||
| 100 | 1 | _aRezende, P.A.V. de | |
| 245 | 1 | _aA interdependencia das questoes agrarias e industriais. Enxadas | |
| 260 | 3 |
_aRio de Janeiro, GB (Brasil): _c1949. |
|
| 300 | _a27 p. | ||
| 650 | _aENXADA | ||
| 650 | _aIMPORTACAO | ||
| 650 | _aCUSTO | ||
| 650 | _aLEGISLACAO | ||
| 909 |
_a202309 _bLucia _c55 _dLucia Elande |
||
| 942 | _cBK | ||
| 999 |
_c18755 _d18755 |
||